000 00488nam a2200193Ia 4500
003 LK-CoDNM
008 010623t1956 xxu||||| |||| 00| 1 eng d
040 _aLK-CoDNM
_dLK-CoDNM
_eLK-CoDNM
041 _aeng
080 _a69.4
100 _aPlenderleith,H.J.
245 _aThe Conservation of Antiquities and Works of Art.
260 _bOxford University Press
_aLondon
_c1956
300 _b373p,Pl., 24 cm
650 _aMarble
650 _aMetal
650 _aSkin
942 _cBK
999 _c104134
_d104134